00000000nam 2200000zi 4500
0019.945428
003CaOODSP
00520250324130959
006m     o  d f      
007cr mn|||||||||
008241121t19821982oncd    o    f000 0 fre d
020 |z0662916425
040 |aCaOODSP|bfre|erda|cCaOODSP
043 |an-cn---
0861 |aCo22-34/1982F-PDF|zCo22-34/1982F
24502|aL'avenement du bureau électronique au Canada.
264 1|a[Ottawa] : |bGouvernement du Canada, Ministère des Communications = Government of Canada, Department of Communications, |cmai 1982.
264 4|c©1982
300 |a1 ressource en ligne (43 pages) : |bgraphiques
336 |atexte|btxt|2rdacontent/fre
337 |ainformatique|bc|2rdamedia/fre
338 |aressource en ligne|bcr|2rdacarrier/fre
500 |aÉdition numérisée de l'imprimé [par Innovation, sciences et développement économique Canada].
500 |aPublié aussi en anglais sous le titre : The electronic office in Canada.
650 6|aPolitique scientifique et technique|zCanada.
650 6|aMachines de bureau|zCanada.
650 6|aBureautique|xPolitique gouvernementale|zCanada.
7101 |aCanada. |bMinistère des communications, |eorganisme de publication.
77508|tThe electronic office in Canada.|w(CaOODSP)9.945424
85640|qPDF|s3.05 Mo|uhttps://publications.gc.ca/collections/collection_2024/isde-ised/co22/Co22-34-1982-fra.pdf